000
00219 a2200097 4500
001
13787
100
_a
Lipschutz, S
245
_a
Theory of Problems of Complex
260
_a
London
_b
McGraw Hill
_c
090
_c
10776
_d
10776
942
_a
NUST-CAE
_c
M
_c
865
999
_c
248860
_d
248860